Fellow men : Fantin-Latour and the problem of the group in nineteenth-century French painting /

Bibliographic Details
Main Author: Alsdorf, Bridget
Format: Book
Language:English
Published: Princeton, New Jersey : Princeton University Press, [2013]
Subjects:

MARC

Tag First Indicator Second Indicator Subfields
LEADER 00000cam a2200000 i 4500
001 in00002782388
005 20151202172508.0
008 120306s2013 njua b 001 0 eng
010 |a  2012009584 
020 |a 9780691153674 (hardcover : alk. paper) 
020 |a 0691153671 (hardcover : alk. paper) 
035 |a (OCoLC)ocn779740430 
040 |a DLC  |e rda  |c DLC  |d TXA  |d UtOrBLW 
043 |a e-fr--- 
049 |a TXAM 
050 0 0 |a ND553.F32  |b A85 2013 
082 0 0 |a 759.4  |2 23 
100 1 |a Alsdorf, Bridget. 
245 1 0 |a Fellow men :  |b Fantin-Latour and the problem of the group in nineteenth-century French painting /  |c Bridget Alsdorf. 
264 1 |a Princeton, New Jersey :  |b Princeton University Press,  |c [2013] 
300 |a 333 pages :  |b illustrations ;  |c 27 cm. 
336 |a text  |b txt  |2 rdacontent 
337 |a unmediated  |b n  |2 rdamedia 
338 |a volume  |b nc  |2 rdacarrier 
504 |a Includes bibliographical references and index. 
600 1 0 |a Fantin-Latour, Henri,  |d 1836-1904  |x Criticism and interpretation. 
650 0 |a Portraits, Group  |z France. 
650 0 |a Artists  |z France  |v Portraits. 
650 0 |a Group identity in art. 
650 0 |a Portrait painting, French  |y 19th century. 
650 0 |a Art and society  |z France  |x History  |y 19th century. 
945 |a PromptCat 
948 |a cataloged  |b h  |c 2013/1/14  |d c  |e dmitchel  |f 8:30:20 am 
994 |a C0  |b TXA 
999 |a MARS 
999 f f |s 662cb082-3986-36fb-af4c-587522c22c10  |i 8dfd5dd0-34d8-3556-adf5-4a49df860190  |t 0 
952 f f |p noncirc  |a Texas A&M University  |b J.J. Pickle Campus  |c High Density Repository  |d Remote Storage  |t 0  |e ND553.F32 A85 2013  |h Library of Congress classification  |i unmediated -- volume  |m A14835937302 
998 f f |a ND553.F32 A85 2013  |t 0  |l Remote Storage